| 000 | 00367cam a2200145ua 4500 | ||
|---|---|---|---|
| 041 |
_aeng _h |
||
| 082 |
_a828.09 _bRIT/WO |
||
| 100 | _aRitchie, Lody . | ||
| 245 |
_aWorks of William makepeace Thackeray / _cLody Ritchie. _hTextual Documents |
||
| 260 |
_aLondon : _bJohn Murray , _c1911. |
||
| 300 | _a364 ; . | ||
| 504 | _a | ||
| 942 | _cBK | ||
| 999 |
_c12835 _d12835 |
||